000 00621nam a2200241Ia 4500
003 OSt
005 20220928115652.0
006 a|||||r|||| 00| 0
007 ta
008 220927b |||||||| |||| 00| 0 eng d
024 _a73982
037 _cTextual
040 _aSDCL
_cSDCL
_beng
041 _2eng
_aeng
082 _aX:51, L9
100 _aAmarchand D
245 0 _aIntroduction to marketing.
260 _aNew Delhi
_bVikas
_c1979
300 _axi,298p
_ccm.
700 _a Varadharajan B
_9445423
942 _hX:51, L9
_cTEXL
_2CC
999 _c760373
_d760373